Company law / (Record no. 7401)
[ view plain ]
| 000 -LEADER | |
|---|---|
| fixed length control field | 01178cam a22001814a 4500 |
| 020 ## - INTERNATIONAL STANDARD BOOK NUMBER | |
| ISBN | 0750637021 |
| 020 ## - INTERNATIONAL STANDARD BOOK NUMBER | |
| ISBN | 9780750637022 |
| 050 00 - CALL NUMBER | |
| Classification number | KD2079.3 |
| Item number | .S63 |
| 100 1# - AUTHOR | |
| Personal name | Smith, Douglas |
| 245 10 - TITLE | |
| Title | Company law / |
| Statement of responsibility, etc | Douglas Smith. |
| 260 ## - PUBLICATION INFORMATION | |
| Place of publication | Oxford ; Boston |
| Name of publisher | Butterworth/Heinemann, |
| Year of publication | 1999. |
| 300 ## - DESCRIPTION | |
| Number of Pages | xxvi, 322 pages ; |
| Dimensions | 25 cm. |
| 500 ## - NOTES | |
| General note | Includes index |
| 505 ## - FORMATTED CONTENTS NOTE | |
| Table of Content | Introductory comments;<br/>Table of cases referred; <br/>Table of statutes; <br/>Table of regulations, rules and orders;<br/>Birth of a company - Nature and classification of companies; Corporate personality and lifting the veil; Corporate criminal liability; Company promotion; <br/>The company constitution - The memorandum of association; Obtaining and controlling capital - Public offer of shares, Capital: classification, maintenance and alteration; <br/>Companies' securities - Shares, Debentures; <br/>Company Management - Director, Company secretary, Company meetings; <br/>Shareholder and creditor protection - Minority protection, Auditors, Corporate governance, Insider dealing; <br/>Companies in trouble - Winding up; |
| 650 #0 - SUBJECTS | |
| Topical Term | Corporation law -- Great Britain. |
| 650 #0 - SUBJECTS | |
| Topical Term | Corporation law |
| 942 ## - ADDED ENTRY ELEMENTS (KOHA) | |
| Koha item type | Books |
| Withdrawn status | Lost status | Collection code | Home library | Current library | Shelving location | Date acquired | Full call number | Accession Number | Koha item type |
|---|---|---|---|---|---|---|---|---|---|
| Reference | Methodist University Library Main | Methodist University Library Main | General Stacks | KD2079.3 .S63 | 11806 | Books |